Phoenix Suns Head Coaches by Picture - Statistics

General Stats
  • This quiz has been taken 16 times
    5 since last reset
  • The average score is 7 of 23
Answer Stats
Picture Hint Answer % Correct
2024-2025 Mike Budenholzer
100%
2003-2008 Mike D'Antoni
100%
2019-2023 Monty Williams
100%
2023-2024 Frank Vogel
80%
2025-Present Jordan Ott
80%
2009-2013 Alvin Gentry
60%
2013-2016 Jeff Hornacek
60%
2016-2017 Earl Watson
40%
2018-2019 Igor Kokoškov
40%
1996-1999 Danny Ainge
20%
2002-2003 Frank Johnson
20%
2017-2018 Jay Triano
20%
1999-2002 Scott Skiles
20%
1972 Butch van Breda Kolff
0%
1970-1972 | 1988-1992 | 1996 Cotton Fitzsimmons
0%
1987 Dick Van Arsdale
0%
1970 | 1972-1973 Jerry Colangelo
0%
1973-1987 John MacLeod
0%
1968-1969 Johnny 'Red' Kerr
0%
1987-1988 John Wetzel
0%
2013 Lindsey Hunter
0%
1992-1996 Paul Westphal
0%
2008-2009 Terry Porter
0%
No matching quizzes found
Score Distribution
Percent of People with Each Score
Percentile by Number Answered
Your Score History
You have not taken this quiz since the last reset